Spray foam insulation and mortgages (Record no. 121311)

MARC details
000 -LEADER
fixed length control field 01049nam a22001937a 4500
003 - CONTROL NUMBER IDENTIFIER
control field OSt
008 - FIXED-LENGTH DATA ELEMENTS--GENERAL INFORMATION
fixed length control field 230112t2024 xxk|||||o||||o00| 0 eng d
245 ## - TITLE STATEMENT
Title Spray foam insulation and mortgages
Medium [Electronic resource]
260 ## - PUBLICATION, DISTRIBUTION, ETC.
Place of publication, distribution, etc. London,
Name of publisher, distributor, etc. House of Commons Library,
Date of publication, distribution, etc. 5 February 2024
490 ## - SERIES STATEMENT
Series statement Constituency Casework
520 ## - SUMMARY, ETC.
Summary, etc. About the problems homeowners with spray foam insulation are having when remortgaging or selling their properties and what they can do about it. Originally published in November 2022 and updated in February 2024
650 ## - SUBJECT ADDED ENTRY--TOPICAL TERM
Topical term or geographic name entry element Spray Foam
650 ## - SUBJECT ADDED ENTRY--TOPICAL TERM
Topical term or geographic name entry element Insulation
690 ## - LOCAL SUBJECT ADDED ENTRY--TOPICAL TERM (OCLC, RLIN)
9 (RLIN) 6223
Topical term or geographic name as entry element Building materials & defects
710 ## - ADDED ENTRY--CORPORATE NAME
9 (RLIN) 1448
Corporate name or jurisdiction name as entry element Parliament. House of Commons. Library
856 ## - ELECTRONIC LOCATION AND ACCESS
Uniform Resource Identifier <a href="https://commonslibrary.parliament.uk/spray-foam-insulation-and-mortgages">https://commonslibrary.parliament.uk/spray-foam-insulation-and-mortgages</a>
Public note Current version online at the House of Commons Library
856 ## - ELECTRONIC LOCATION AND ACCESS
Uniform Resource Identifier <a href="https://web.archive.org/web/20221204120549/https://commonslibrary.parliament.uk/spray-foam-insulation-and-mortgages/">https://web.archive.org/web/20221204120549/https://commonslibrary.parliament.uk/spray-foam-insulation-and-mortgages/</a>
Public note Archived November 2022 version via web archive
942 ## - ADDED ENTRY ELEMENTS (KOHA)
Source of classification or shelving scheme Dewey Decimal Classification
Holdings
Withdrawn status Lost status Damaged status Not for loan Home library Current library Shelving location Date acquired Total Checkouts Date last seen Price effective from Koha item type
        Virtual Virtual Online 12/01/2023   06/02/2024 12/01/2023 Online material